Catálogo
 En Linea

El lazarillo de ciegos caminantes : (Registro nro. 17977)

Detalles MARC
000 -CABECERA
campo de control de longitud fija 00801cam a2200229 a 4500
001 - NÚMERO DE CONTROL
campo de control 000018457
005 - FECHA Y HORA DE LA ÚLTIMA TRANSACCIÓN
campo de control 20200929165817.0
008 - DATOS DE LONGITUD FIJA--INFORMACIÓN GENERAL
campo de control de longitud fija 850522s1938 fr 000 0 spar
035 ## - NÚMERO DE CONTROL DEL SISTEMA
Número de control de sistema (DLC) 65035422
035 ## - NÚMERO DE CONTROL DEL SISTEMA
Número de control de sistema (OCoLC)12064933
040 ## - FUENTE DE LA CATALOGACIÓN
Centro catalogador/agencia de origen DO-SdBNP
Lengua de catalogación spa
Centro/agencia transcriptor NBuU
Centro/agencia modificador NBuU
-- TxKT
-- DLC
-- BNPHU
082 ## - NÚMERO DE LA CLASIFICACIÓN DECIMAL DEWEY
Número de clasificación 980
Número de documento/Ítem L431
049 ## - FONDOS LOCALES (OCLC)
Fondos de biblioteca BNGR
100 1# - ENTRADA PRINCIPAL--NOMBRE DE PERSONA
Nombre de persona Concolorcorvo,
Fechas asociadas al nombre 1715-1783.
Forma completa/desarrollada del nombre (Calixto Bustamante Carlos)
9 (RLIN) 39942
245 13 - MENCIÓN DE TÍTULO
Título El lazarillo de ciegos caminantes :
Resto del título desde Buenos Aires hasta Lima /
Mención de responsabilidad, etc. Concolorcorvo.
260 ## - PUBLICACIÓN, DISTRIBUCIÓN, ETC.
Lugar de publicación, distribución, etc. París :
Nombre del editor, distribuidor, etc. Desclée de Brouwer,
Fecha de publicación, distribución, etc. 1938.
300 ## - DESCRIPCIÓN FÍSICA
Extensión 352 p. ;
Dimensiones 19 cm.
490 1# - MENCIÓN DE SERIE
Mención de serie Biblioteca de cultura peruana
Designación de volumen o secuencia 6.
651 #0 - PUNTO DE ACCESO ADICIONAL DE MATERIA--NOMBRE GEOGRÁFICO
Nombre geográfico South America
Subdivisión de forma Guidebooks.
9 (RLIN) 39943
830 #0 - PUNTO DE ACCESO ADICIONAL DE SERIE-TÍTULO UNIFORME
Título uniforme Biblioteca de cultura peruana
Designación de volumen o secuencia 6.
9 (RLIN) 39944
910 ## - DATOS DE OPCIÓN DEL USUARIO (OCLC)
Datos de opción del usuario Catalogación por derivada / LC
Existencias
Estado de retiro Estado de pérdida Restricciones de uso No para préstamo Código de colección Localización permanente Ubicación/localización actual Ubicación en estantería Fecha de adquisición Número de inventario Total de préstamos Signatura topográfica completa Código de barras Fecha visto por última vez Precio válido a partir de Tipo de ítem Koha
        Monografías: Libros y Folletos General General En catalogación 10.05.2010 LF1   980 L431 18457-10 25.06.2020 25.06.2020 Préstamo en sala

Con tecnología Koha